| 000 | 00374nam a22001217a 4500 | ||
|---|---|---|---|
| 008 | 180424b xxu||||| |||| 00| 0 eng d | ||
| 041 | _aeng | ||
| 080 | _a043.3 | ||
| 100 | _a0 | ||
| 101 | _aSHKI-BA | ||
| 245 |
_aKrahasimi i ASP.NET Web Form dhe ASP.NET MVS nga Aspekti i Perfomances dhe Sigurise ne Zhvillimin e Modulit per Blerje ne Internet _cZylfiu, B |
||
| 942 |
_2udc _cBK |
||
| 999 |
_c45463 _d45463 |
||